| 000 -LEADER |
| fixed length control field |
01597nam a22001577a 4500 |
| 008 - FIXED-LENGTH DATA ELEMENTS--GENERAL INFORMATION |
| fixed length control field |
210715b ||||| |||| 00| 0 eng d |
| 100 ## - MAIN ENTRY--PERSONAL NAME |
| Personal name |
Shaw, Richard and Eichbaum, Chris |
| 245 ## - TITLE STATEMENT |
| Title |
Bubbling up or cascading down: Public servants, political advisers and politicization |
| 260 ## - PUBLICATION, DISTRIBUTION, ETC. (IMPRINT) |
| Place of publication, distribution, etc |
Public Administration: An International Quarterly |
| 300 ## - PHYSICAL DESCRIPTION |
| Extent |
98(4), Dec, 2020: p.840-855 |
| 520 ## - SUMMARY, ETC. |
| Summary, etc |
One of the strands in the growing scholarship on political advisers in parliamentary democracies proposes that advisers can reduce the risk of civil service politicization by furnishing partisan advice to ministers, freeing civil servants to focus on the provision of expert competence. This benign narrative generates a significant hypothesis, which is that the institutionalization of the partisan role diminishes the risk of civil service politicization. That hypothesis has yet to be fully tested. Several studies have assessed the impact of advisers' actions on civil service impartiality, but the consequences of bureaucrats' own agency for that dependent variable have received far less attention. Drawing on data from a survey of New Zealand public servants, this article challenges the assumption in the political advisers literature that civil service politicization is primarily driven by exogenous factors and calls for a more nuanced theoretical approach to endogenous aspects of politicization. – Reproduced |
| 650 ## - SUBJECT ADDED ENTRY--TOPICAL TERM |
| Topical term or geographic name as entry element |
Public Administration, Public servants |
| 9 (RLIN) |
26679 |
| 773 ## - HOST ITEM ENTRY |
| Main entry heading |
Public Administration: An International Quarterly |
| 906 ## - LOCAL DATA ELEMENT F, LDF (RLIN) |
| Subject DIP |
CIVIL SERVICE |
| 942 ## - ADDED ENTRY ELEMENTS (KOHA) |
| Item type |
Articles |